Проектное управление в реальном секторе экономики. Вып. 5 (Запись № 11313091)

Подробности
000 -МАРКЕР
контрольное поле 02191nam2a2200289 4500
001 - ИДЕНТИФИКАТОР ЗАПИСИ
контрольное поле RU\NLR\BIBL_A\011363825
005 - ИДЕНТИФИКАТОР ВЕРСИИ
контрольное поле 20250626052741.0
010 ## - МЕЖДУНАРОДНЫЙ СТАНДАРТНЫЙ НОМЕР КНИГИ (ISBN)
Номер (ISBN) 978-5-906912-37-4
Тираж 450
021 ## - НОМЕР ГОСУДАРСТВЕННОЙ РЕГИСТРАЦИИ
Код страны Российская Федерация
Номер 2017-16389
Номер Листа государственной регистраци 1216
035 ## - ДРУГИЕ СИСТЕМНЫЕ НОМЕРА
Идентификатор записи (NLR Aleph) 011363825
100 ## - ДАННЫЕ ОБЩЕЙ ОБРАБОТКИ
Данные общей обработки 20170410d2016 |||y0rusy50 ca
101 0# - ЯЗЫК РЕСУРСА
Язык текста, звукозаписи и т.д. русский
Язык резюме английский
102 ## - СТРАНА ПУБЛИКАЦИИ ИЛИ ПРОИЗВОДСТВА
Страна публикации Российская Федерация
105 ## - ПОЛЕ КОДИРОВАННЫХ ДАННЫХ: ТЕКСТОВЫЕ МАТЕРИАЛЫ, МОНОГРАФИЧЕСКИЕ
Кодированные данные о монографическом текстовом документе a z 100zy
200 0# - ЗАГЛАВИЕ И СВЕДЕНИЯ ОБ ОТВЕТСТВЕННОСТИ
Основное заглавие Вып. 5
Сведения, относящиеся к заглавию [по материалам 2-го научно-практического форума "Современные проблемы и перспективы развития проектного управления в реальном секторе экономики"]
210 ## - ПУБЛИКАЦИЯ, РАСПРОСТРАНЕНИЕ И ДР.
Дата издания, распространения и т.д. 2016
Место издания, распространения и т.д. Б. м.
215 ## - ФИЗИЧЕСКАЯ ХАРАКТЕРИСТИКА
Специфическое обозначение материала и объем 253 с.
Другие сведения о физической характеристике ил.
300 ## - ОБЩИЕ ПРИМЕЧАНИЯ
Текст примечания Рез. на англ. яз.
320 ## - ПРИМЕЧАНИЯ О НАЛИЧИИ В ДОКУМЕНТЕ БИБЛИОГРАФИИ / УКАЗАТЕЛЯ
Текст примечания Библиогр. в конце ст.
461 #0 - УРОВЕНЬ НАБОРА
Встроенное поле 001RU\NLR\BIBL_A\010741161
-- 2001#$aПроектное управление в реальном секторе экономики$eсборник научных статей молодых ученых и преподавателей$fФедер. гос. бюджет. образоват. учреждение "Гос. ун-т упр.", Каф. "Упр. проектом"$g[редсовет: Лялин А.М., д.э.н., проф., пред. и др.]$vВып. 5
Системный номер (АБИС) связанной записи 9903933
Место публикации Москва
Дата публикации 2014
Первые сведения об ответственности Федер. гос. бюджет. образоват. учреждение "Гос. ун-т упр.", Каф. "Упр. проектом"
Имя издателя, распространителя и т.д. Изд-во МосГУ
Сведения, относящиеся к заглавию сборник научных статей молодых ученых и преподавателей
Заглавие Проектное управление в реальном секторе экономики
Номер тома Вып. 5
711 12 - НАИМЕНОВАНИЕ ОРГАНИЗАЦИИ - АЛЬТЕРНАТИВНАЯ ОТВЕТСТВЕННОСТЬ
Начальный элемент ввода "Современные проблемы и перспективы развития проектного управления в реальном секторе экономики", научно-практический форум выпускников и специалистов
Порядковый номер временной организации и / или порядковый номер ее части 2
Место проведения временной организации Москва
Дата проведения временной организации 2016
Системный номер авторитетной/нормативной записи 554741
Идентификатор авторитетной/нормативной записи RU\NLR\AUTH\880445547
942 ## - ДОПОЛНИТЕЛЬНЫЕ ЭЛЕМЕНТЫ ЗАПИСИ (АБИС)
Тип экземпляра АБИС Книга
980 ## - КОЛЛЕКЦИЯ
Название коллекции Национальная библиография
Экземпляры
Тип экземпляра Дата поступления Источник поступления Библиотека постоянного хранения Библиотека текущего хранения Место хранения Шифр хранения Штрих-код Статус экземпляра
Книга 10.04.2017 Обязательный экземпляр РНБ (Московский) РНБ (Московский) Русский книжный фонд: издания с 1957 года 2015-8/1426 1-1802604  
Книга 10.04.2017 Обязательный экземпляр РНБ (Московский) РНБ (Московский) Русский книжный фонд: издания с 1957 года 2015-8/1426 1-1802605